| 000 | 00493nam a22001697a 4500 | ||
|---|---|---|---|
| 003 | SISC | ||
| 005 | 20161115093206.0 | ||
| 008 | 161115b xxu||||| |||| 00| 0 eng d | ||
| 020 | _a9781138910041 | ||
| 050 |
_aLB 1028.24 _b.M46 2016 |
||
| 100 | _aMcNiff, Jean. | ||
| 245 |
_aYou and your action research / _cJean McNiff. |
||
| 260 |
_aLondon : _bRoutledge, _c2016. |
||
| 300 |
_avi, 304 pages : _billustrations ; _c23 cm. |
||
| 500 | _aIncludes bibliographical references. | ||
| 942 |
_2lcc _cBK |
||
| 999 |
_c305262 _d305262 |
||